Význam a spôsoby podnecovania

Bibliographic Details
Main Author: it-er (Author)
Format: Article
Language:Slovak

MARC

LEADER 00000nab a2200000ua 4500
001 vtls010784080
003 SK-MaSNL
005 20260303120225.0
008 230131s1957 xo |||||||||||||||||slo|
035 |a (urnnbn)urn:nbn:sk:snk:ar-a0005e 
035 |a (uuid)b718ea7f-2cb4-4a3e-907a-2644eb52a390 
035 |a urn:nbn:sk:snk-ab4yfg 
040 |a SNKBUCL  |b slo  |c SNKBUCL  |e AACR2 
041 0 |a slo 
044 |a xo  |c SK 
100 1 |a it-er  |4 aut  |9 1132644 
245 1 0 |a Význam a spôsoby podnecovania  |c It-Er 
773 0 |t Včelár : odborný časopis Povereníctva poľnohospodárstva a lesného hospodárstva a Ústredia včelárskych združení na Slovensku  |g Roč. 31, č. 7 (1957), s. 182-183 
954 |a odborná, vedecká literatúra pôvodná (slovenská)  |2 lita 
958 |a OND 
958 |a EUIPO 
958 |a article3 
999 |c 1908126  |d 1910056